Movie Poster Quiz #6 - Statistics

General Stats
  • This quiz has been taken 1,210 times
  • The average score is 12 of 16
Answer Stats
Picture Answer % Correct
Frozen
97%
Mulan
93%
Captain America: The Winter Soldier
86%
Pirates of the Caribbean: The Curse of the Black Pearl
83%
Parasite
82%
Borat
78%
Die Hard
78%
The Breakfast Club
77%
The Exorcist
76%
Legally Blonde
75%
Goodfellas
74%
Halloween
72%
The Thing
60%
Wayne's World
58%
Cloverfield
40%
Aquamarine
28%
No matching quizzes found
Score Distribution
Percent of People with Each Score
Percentile by Number Answered
Your Score History
You have not taken this quiz